<?xml version="1.0" encoding="UTF-8"?><?xml-stylesheet type="text/xsl" href="static/style.xsl"?><OAI-PMH xmlns="http://www.openarchives.org/OAI/2.0/" xmlns:xsi="http://www.w3.org/2001/XMLSchema-instance" xsi:schemaLocation="http://www.openarchives.org/OAI/2.0/ http://www.openarchives.org/OAI/2.0/OAI-PMH.xsd"><responseDate>2026-04-17T08:00:11Z</responseDate><request verb="GetRecord" identifier="oai:riubu.ubu.es:10259/4558" metadataPrefix="marc">https://riubu.ubu.es/oai/request</request><GetRecord><record><header><identifier>oai:riubu.ubu.es:10259/4558</identifier><datestamp>2024-07-16T10:21:46Z</datestamp><setSpec>com_10259_9391</setSpec><setSpec>com_10259_5087</setSpec><setSpec>com_10259_2728</setSpec><setSpec>col_10259_9392</setSpec></header><metadata><record xmlns="http://www.loc.gov/MARC21/slim" xmlns:doc="http://www.lyncode.com/xoai" xmlns:xsi="http://www.w3.org/2001/XMLSchema-instance" xmlns:dcterms="http://purl.org/dc/terms/" xsi:schemaLocation="http://www.loc.gov/MARC21/slim http://www.loc.gov/standards/marcxml/schema/MARC21slim.xsd">
<leader>00925njm 22002777a 4500</leader>
<datafield tag="042" ind1=" " ind2=" ">
<subfield code="a">dc</subfield>
</datafield>
<datafield tag="720" ind1=" " ind2=" ">
<subfield code="a">Peña López, Alicia</subfield>
<subfield code="e">author</subfield>
</datafield>
<datafield tag="520" ind1=" " ind2=" ">
<subfield code="a">La responsabilidad social del consumidor en la compra de bienes de consumo abarca una muy amplia variedad de sectores, por lo que este trabajo se ha centrado exclusivamente en el análisis de la sensibilidad del distribuidor y consumidor a la compra de alimentos éticamente responsables en España, haciendo especial hincapié en los productos con certificado Fairtrade. Un primer estudio sobre estos productos ha mostrado cómo las ventas en España se han incrementado durante los últimos años, sin embargo, aún distan de las elevadas cifras alcanzadas en gran parte de Europa. Con el siguiente trabajo se pretende dar respuesta a esa diferencia y proporcionar información acerca del perfil del consumidor de alimentos éticamente responsables para facilitar la realización de campañas de promoción y sensibilización por parte de las organizaciones promotoras, así como el desarrollo de una serie de estrategias que permitan incluir dichos alimentos en la oferta de establecimientos del canal HORECA</subfield>
</datafield>
<datafield tag="520" ind1=" " ind2=" ">
<subfield code="a">Consumer’s social responsibility in the purchase of consumer goods encompasses a broad variety of sectors, so that this project has focused exclusively on the analysis of the sensitivity of the distributor and the consumer to de acquisition of ethically responsible food in Spain, paying special attention to the products with the Fairtrade certification. A first study about this kind of products has shown how the sales in Spain have grown during the last years. However, they are still far away from the large numbers reached in a big part of Europe. With the following project, it is intended to give an explanation to that difference and to provide information about the consumer of ethically responsible food’s profile in order to ease the creation of promotion and sensitization campaigns by the promoting organizations. And to develop a couple of strategies which allows including that type of aliments in the offer of the establishments of the Hotel and Catering Industry.</subfield>
</datafield>
<datafield tag="024" ind2=" " ind1="8">
<subfield code="a">http://hdl.handle.net/10259/4558</subfield>
</datafield>
<datafield ind1=" " ind2=" " tag="653">
<subfield code="a">Fairtrade</subfield>
</datafield>
<datafield ind1=" " ind2=" " tag="653">
<subfield code="a">Social responsibility</subfield>
</datafield>
<datafield ind1=" " ind2=" " tag="653">
<subfield code="a">Consumer</subfield>
</datafield>
<datafield ind1=" " ind2=" " tag="653">
<subfield code="a">Ethically responsible food</subfield>
</datafield>
<datafield ind1=" " ind2=" " tag="653">
<subfield code="a">Hotel and Catering Industry</subfield>
</datafield>
<datafield ind1=" " ind2=" " tag="653">
<subfield code="a">Responsabilidad social</subfield>
</datafield>
<datafield ind1=" " ind2=" " tag="653">
<subfield code="a">Consumidor</subfield>
</datafield>
<datafield ind1=" " ind2=" " tag="653">
<subfield code="a">Alimentos éticamente responsables</subfield>
</datafield>
<datafield ind1=" " ind2=" " tag="653">
<subfield code="a">Canal HORECA</subfield>
</datafield>
<datafield tag="245" ind1="0" ind2="0">
<subfield code="a">Responsabilidad social de los consumidores en la compra de bienes de consumo</subfield>
</datafield>
</record></metadata></record></GetRecord></OAI-PMH>